Statistics for YouTube Channels with the Most Subscriptions

Click here to take the quiz!

General Stats

  • This quiz has been taken 32 times
    (10 since last reset)
  • The average score is 10 of 20

Answer Stats

SubscribersCategoryChannel% Correct
76 millioncomedyPewDiePie
100%
42 millionmusicJustin Bieber
83%
31 millionmusicTaylor Swift
83%
23 millionmusicBruno Mars
67%
29 millionchildren's musicCocomelon - Nursery Rhymes
67%
35 millionmusicEd Sheeran
67%
31 millionmusicKaty Perry
67%
43 millionhow to5-Minute Crafts
50%
29 millionmusicAriana Grande
50%
37 millionsportsDude Perfect
50%
34 millionmusicEminemMusic
50%
28 millionmusicOne Direction
50%
37 millionsportsWWE
50%
31 millionmusicRihanna
33%
23 millioncomedySmosh
33%
23 millionmusicSpinnin' Records
33%
23 milliongamesVanossGaming
33%
27 millionnewsYouTube Spotlight
33%
29 millionentertainmentTheEllenShow
17%
24 millionmusicTrap Nation
17%

Score Distribution

Percentile by Number Answered

Percent of People with Each Score

Your Score History

You have not taken this quiz since the last reset